[Event "FISU World University-ch 2020"]
[Site "Online"]
[Date "2020.10.26"]
[Round "5.6"]
[White "Muthaiah AL"]
[Black "Abal Cores, Lucas"]
[Result "1-0"]
[WhiteElo "2400"]
[BlackElo "2315"]
[Annotator "TA"]
[PlyCount "73"]
[EventDate "2020.10.26"]
[SourceTitle "playchess.com"]
[Source "ChessBase"]
[SourceQuality "1"]

1. d4 f5 2. c4 Nf6 3. Nc3 d6 4. g3 g6 5. Bg2 Bg7 6. Nf3 O-O 7. O-O Nc6 8. d5 Ne5 9. Qb3 Nxf3+ 10. exf3 c5 11. Re1 a6 12. a4 Rb8 13. Bd2 b6 14. Bf1 Bd7 15. f4 Ne8 16. Nd1 Rf7 17. Bc3 Bf8 18. Qc2 Nc7 19. b3 Qc8 20. Ne3 Qb7 21. Ra2 Re8 22. Bg2 Bh6 23. Qd3 Rb8 24. Nf1 b5 25. axb5 axb5 26. Nd2 Ra8 27. Rxa8+ Qxa8 28. Nf3 Bg7 29. Ng5 Bxc3 30. Qxc3 Rg7 31. Qxg7+ Kxg7 32. Rxe7+ Kg8 33. Rxd7 Ne8 34. cxb5 Qb8 35. Bf1 Nf6 36. Re7 Qd8 37. Re6 1-0

[Event "FISU World University-ch 2020"]
[Site "Online"]
[Date "2020.10.26"]
[Round "5.6"]
[White "Portela Peleteiro, Alberto"]
[Black "Varshini, V."]
[Result "1/2-1/2"]
[WhiteElo "2366"]
[BlackElo "2226"]
[Annotator "TA"]
[PlyCount "150"]
[EventDate "2020.10.26"]
[SourceTitle "playchess.com"]
[Source "ChessBase"]
[SourceQuality "1"]

1. e4 c5 2. g3 d6 3. Bg2 Nc6 4. Ne2 e5 5. Nbc3 g6 6. Nd5 Bg7 7. Nec3 Nge7 8. d3 Nxd5 9. Nxd5 Be6 10. h4 h5 11. c3 Rc8 12. Qb3 Qd7 13. Bg5 Ne7 14. Bxe7 Bxd5 15. Qxd5 Qxe7 16. Bh3 Rc6 17. O-O O-O 18. f4 exf4 19. Rxf4 Qe5 20. Qc4 Bh6 21. Rf3 Kg7 22. Raf1 f6 23. Kg2 a6 24. a4 Qe7 25. Be6 Rc7 26. Bd5 Rcc8 27. Qb3 Rb8 28. Qb6 Qd7 29. R1f2 Qe7 30. Bc4 Qd8 31. Qb3 Qd7 32. Bd5 Qc7 33. d4 b6 34. Rf1 a5 35. R1f2 Qe7 36. Qb5 Qe8 37. Qa6 Qe7 38. Re2 Qc7 39. Bb3 Rbe8 40. Qc4 Rc8 41. Ref2 Rce8 42. Qd5 Rd8 43. Bc4 Qe7 44. Qc6 Rb8 45. Bd5 Rfc8 46. Rxf6 Rxc6 47. Rf7+ Qxf7 48. Rxf7+ Kh8 49. Bxc6 cxd4 50. cxd4 Rc8 51. d5 Bg7 52. b3 Rf8 53. Rd7 Be5 54. Bb5 Rc8 55. Bc4 Rf8 56. Be2 Kg8 57. Bf3 Rf7 58. Rd8+ Rf8 59. Rd7 Rf7 60. Rd8+ Rf8 61. Rxf8+ Kxf8 62. Kh3 Kg7 63. g4 hxg4+ 64. Kxg4 Kf6 65. Be2 Bd4 66. Bb5 Bc5 67. Be8 Bd4 68. Kf4 Be5+ 69. Kf3 Bd4 70. Kg4 Be5 71. h5 gxh5+ 72. Kxh5 Bd4 73. Bg6 Ke5 74. Kg4 Bc5 75. Kf3 Bd4 1/2-1/2

[Event "FISU World University-ch 2020"]
[Site "Online"]
[Date "2020.10.26"]
[Round "5.6"]
[White "Srija, Seshadri"]
[Black "Suarez Gomez, Julio"]
[Result "0-1"]
[WhiteElo "2219"]
[BlackElo "2426"]
[Annotator "TA"]
[PlyCount "90"]
[EventDate "2020.10.26"]
[SourceTitle "playchess.com"]
[Source "ChessBase"]
[SourceQuality "1"]

1. e4 e6 2. d4 d5 3. Nd2 c5 4. exd5 exd5 5. Ngf3 Nf6 6. Bb5+ Bd7 7. Bxd7+ Nbxd7 8. O-O Be7 9. dxc5 Nxc5 10. Re1 O-O 11. Nf1 a5 12. Ng3 Re8 13. Be3 a4 14. Bd4 Ne6 15. Bc3 b5 16. a3 Bc5 17. Nd4 Qb6 18. Ngf5 Ne4 19. Qg4 h5 20. Nh6+ Kh7 21. Qf5+ Kxh6 22. Rxe4 Bxd4 23. Bd2+ g5 24. Re2 f6 25. Rae1 Ng7 26. Qxd5 Rxe2 27. Rxe2 Rd8 28. Qf3 Re8 29. Rxe8 Nxe8 30. h4 Ng7 31. c3 Be5 32. Qe4 Qd6 33. hxg5+ fxg5 34. Qe2 Qd5 35. g3 Bf6 36. f3 Kg6 37. Be3 Nf5 38. Bf2 Nd6 39. Kg2 g4 40. Qc2+ Qf5 41. Qe2 gxf3+ 42. Qxf3 Qxf3+ 43. Kxf3 Kf5 44. Be3 Nc4 45. Bc1 Be5 0-1

[Event "FISU World University-ch 2020"]
[Site "Online"]
[Date "2020.10.26"]
[Round "5.6"]
[White "Garcia Alvarez, Paula"]
[Black "Senthil Maran K"]
[Result "0-1"]
[WhiteElo "1661"]
[BlackElo "2246"]
[Annotator "TA"]
[PlyCount "68"]
[EventDate "2020.10.26"]
[SourceTitle "playchess.com"]
[Source "ChessBase"]
[SourceQuality "1"]

1. b3 d5 2. Bb2 Nf6 3. e3 g6 4. f4 Bg7 5. Nf3 O-O 6. Be2 c5 7. O-O Nc6 8. Na3 d4 9. exd4 cxd4 10. Nc4 Nd5 11. Nfe5 Nxf4 12. Nxc6 Nxe2+ 13. Qxe2 bxc6 14. d3 Be6 15. Rf4 Qd5 16. Raf1 c5 17. Bc1 Rae8 18. Rh4 h5 19. Rhf4 Bc8 20. Qf2 e5 21. Re4 f5 22. Re2 e4 23. Qg3 Kh7 24. Bf4 exd3 25. Rxe8 Rxe8 26. Qxd3 Bb7 27. Qd2 Re6 28. Rf2 Ba6 29. Ne3 Qe4 30. Nc4 Bxc4 31. bxc4 d3 32. cxd3 Qe1+ 33. Qxe1 Rxe1+ 34. Rf1 Bd4+ 0-1

[Event "FISU World University-ch 2020"]
[Site "Online"]
[Date "2020.10.26"]
[Round "5.7"]
[White "Eggink, Ryszard"]
[Black "Budak, Rewi"]
[Result "1-0"]
[WhiteElo "2387"]
[BlackElo "2065"]
[Annotator "TA"]
[PlyCount "101"]
[EventDate "2020.10.26"]
[SourceTitle "playchess.com"]
[Source "ChessBase"]
[SourceQuality "1"]

1. d4 c5 2. d5 e5 3. e4 d6 4. Nc3 Be7 5. Bb5+ Nd7 6. a4 Ngf6 7. Nf3 O-O 8. O-O Ne8 9. Nd2 Bg5 10. Nc4 Bxc1 11. Qxc1 Nb6 12. Ne3 a6 13. Bxe8 Rxe8 14. a5 Nd7 15. Nc4 Nf8 16. f4 Ng6 17. f5 Nf8 18. Na4 Bd7 19. Nab6 Bb5 20. Rf3 Bxc4 21. Nxc4 Qf6 22. g4 h6 23. Qe1 Nh7 24. Qg3 Rad8 25. h4 Kf8 26. Kf2 Qe7 27. Rg1 Qd7 28. g5 h5 29. Rb3 Qa4 30. Qd3 Re7 31. Rb6 Red7 32. b3 Qa2 33. Qc3 g6 34. Ra1 Qxa1 35. Qxa1 gxf5 36. exf5 f6 37. g6 Kg7 38. gxh7 Kxh7 39. Qd1 Kh6 40. Qd2+ Kh7 41. Qe2 Kh6 42. Nd2 Rg8 43. Ne4 Rg4 44. Nxf6 Rf4+ 45. Ke1 Rf7 46. Qxh5+ Kg7 47. Qg6+ Kf8 48. Nh7+ Ke8 49. Rxd6 R4xf5 50. Qe6+ Re7 51. Qg8+ 1-0

[Event "FISU World University-ch 2020"]
[Site "Online"]
[Date "2020.10.26"]
[Round "5.7"]
[White "Lewicki, Miroslaw"]
[Black "G______, Y____"]
[Result "0-1"]
[WhiteElo "2348"]
[BlackElo "2007"]
[Annotator "TA"]
[PlyCount "56"]
[EventDate "2020.10.26"]
[SourceTitle "playchess.com"]
[Source "ChessBase"]
[SourceQuality "1"]

1. e4 c5 2. Nf3 e6 3. d4 cxd4 4. Nxd4 Nf6 5. Nc3 Nc6 6. Be3 Bb4 7. Nxc6 bxc6 8. Qd3 O-O 9. Bd2 d5 10. e5 Nd7 11. f4 f6 12. exf6 Qxf6 13. Be2 Nc5 14. Qf3 e5 15. O-O-O e4 16. Qh5 Rb8 17. Qe5 Qxe5 18. fxe5 d4 19. Bc4+ Kh8 20. Ne2 Bg4 21. Rdf1 Bxd2+ 22. Kxd2 e3+ 23. Kc1 d3 24. Nc3 d2+ 25. Kb1 Rxf1+ 26. Rxf1 Na4 27. Ne2 Bxe2 28. Bxe2 Nc3+ 0-1

[Event "FISU World University-ch 2020"]
[Site "Online"]
[Date "2020.10.26"]
[Round "5.7"]
[White "Afraoui, Anaelle"]
[Black "Molenda, Marcin"]
[Result "0-1"]
[WhiteElo "2120"]
[BlackElo "2349"]
[Annotator "TA"]
[PlyCount "64"]
[EventDate "2020.10.26"]
[SourceTitle "playchess.com"]
[Source "ChessBase"]
[SourceQuality "1"]

1. e4 c5 2. Nf3 e6 3. d4 cxd4 4. Nxd4 a6 5. Bd3 Nf6 6. Nc3 Qc7 7. O-O d6 8. Kh1 g6 9. f4 Bg7 10. f5 O-O 11. Qe2 Nc6 12. Nxc6 Qxc6 13. a4 b6 14. Bg5 Bb7 15. Rad1 Rae8 16. Bxa6 exf5 17. Bb5 Qc5 18. Bxe8 Rxe8 19. Qb5 Qc8 20. Rxd6 Ba6 21. Qxb6 Bxf1 22. Bxf6 fxe4 23. Bxg7 Bxg2+ 24. Kxg2 Qg4+ 25. Kf1 e3 26. Qc6 e2+ 27. Nxe2 Qxe2+ 28. Kg1 Qg4+ 29. Kf1 Qf4+ 30. Kg1 Re1+ 31. Kg2 Re2+ 32. Kg1 Qxh2+ 0-1

[Event "FISU World University-ch 2020"]
[Site "Online"]
[Date "2020.10.26"]
[Round "5.7"]
[White "Bellaiche, Elise"]
[Black "Kubicka, Anna"]
[Result "0-1"]
[WhiteElo "2036"]
[BlackElo "2252"]
[Annotator "TA"]
[PlyCount "108"]
[EventDate "2020.10.26"]
[SourceTitle "playchess.com"]
[Source "ChessBase"]
[SourceQuality "1"]

1. e4 c5 2. Nf3 d6 3. d4 cxd4 4. Qxd4 Nf6 5. Bg5 Nc6 6. Bb5 e5 7. Bxc6+ bxc6 8. Qd3 Qa5+ 9. Nbd2 Ba6 10. c4 Qd8 11. O-O Be7 12. Rfe1 O-O 13. Rad1 Qc7 14. Qc2 h6 15. Be3 Ng4 16. Nf1 Rfe8 17. Bc1 Rad8 18. h3 Nf6 19. Ne3 g6 20. b3 Bf8 21. Bb2 Bb7 22. Rd2 h5 23. Red1 Bh6 24. Ba3 c5 25. Nd5 Bxd5 26. cxd5 Bxd2 27. Nxd2 Qb7 28. Bc1 Nh7 29. Nc4 Qc8 30. Rd3 Kh8 31. Qe2 f5 32. exf5 Qxf5 33. Ne3 Qf7 34. Nc4 Rf8 35. Be3 Rd7 36. Nd2 Nf6 37. Bg5 Nxd5 38. Ne4 Nf4 39. Bxf4 Qxf4 40. Rxd6 Rxd6 41. Nxd6 Rd8 42. Nc4 Kh7 43. g3 Qf5 44. Kg2 e4 45. Ne3 Qf3+ 46. Qxf3 exf3+ 47. Kxf3 Rd2 48. a3 Rd3 49. b4 cxb4 50. axb4 Rb3 51. g4 Rxb4 52. Nd5 Rb3+ 53. Kg2 a5 54. Nf6+ Kg7 0-1

[Event "FISU World University-ch 2020"]
[Site "Online"]
[Date "2020.10.26"]
[Round "5.8"]
[White "Roshka, Yevgeniy"]
[Black "Moreno Bermudez, Jhon Jairo"]
[Result "1-0"]
[WhiteElo "2476"]
[BlackElo "1839"]
[Annotator "TA"]
[PlyCount "121"]
[EventDate "2020.10.26"]
[SourceTitle "playchess.com"]
[Source "ChessBase"]
[SourceQuality "1"]

1. d4 Nf6 2. c4 e6 3. g3 d5 4. Nf3 Be7 5. Bg2 O-O 6. O-O Ne4 7. b3 Nd7 8. Bb2 f5 9. Nbd2 Ndf6 10. Ne5 Bd7 11. f3 Nxd2 12. Qxd2 Be8 13. Rae1 Nd7 14. Nd3 c6 15. e4 Bf6 16. h4 Bf7 17. cxd5 cxd5 18. e5 Be7 19. Rc1 Rc8 20. Rxc8 Qxc8 21. Rc1 Qb8 22. Qc2 Rd8 23. Qc7 Kf8 24. Bf1 Ke8 25. Nf4 a6 26. Qc3 Nb6 27. Qa5 Nd7 28. Ba3 Rc8 29. Rxc8+ Qxc8 30. Bxe7 Kxe7 31. Qb4+ Ke8 32. Qd6 Qb8 33. Qxb8+ Nxb8 34. Kf2 Nc6 35. Ke3 Kd7 36. Bd3 g6 37. g4 Nd8 38. Kd2 Kc7 39. Kc3 Be8 40. Nh3 Nf7 41. Kb4 Kb6 42. Nf4 Nd8 43. Kc3 Kc7 44. Be2 a5 45. a3 b6 46. Bd3 Kb7 47. Kb2 Ka7 48. Kc2 Kb7 49. Kd2 Kc7 50. Ke3 Kd7 51. gxf5 gxf5 52. Nxd5 exd5 53. Bxf5+ Ke7 54. Bxh7 Nf7 55. f4 Nh6 56. f5 Bd7 57. Kf4 Bc8 58. Bg6 Kf8 59. Kg5 Nf7+ 60. Bxf7 Kxf7 61. e6+ 1-0

[Event "FISU World University-ch 2020"]
[Site "Online"]
[Date "2020.10.26"]
[Round "5.8"]
[White "Peng, Li Min"]
[Black "Loaiza, Yurani"]
[Result "1-0"]
[WhiteElo "2431"]
[BlackElo "1942"]
[Annotator "TA"]
[PlyCount "61"]
[EventDate "2020.10.26"]
[SourceTitle "playchess.com"]
[Source "ChessBase"]
[SourceQuality "1"]

1. Nf3 Nf6 2. c4 e6 3. g3 d5 4. Bg2 Be7 5. O-O O-O 6. b3 c6 7. Bb2 Nbd7 8. Nc3 Re8 9. d4 Bd6 10. Qc2 dxc4 11. bxc4 e5 12. d5 cxd5 13. cxd5 a6 14. e4 Nb6 15. Qb3 Nbd7 16. a4 Nc5 17. Qc2 Bd7 18. a5 Rc8 19. Nd2 Rc7 20. Nc4 Qe7 21. Nb6 Bg4 22. f3 Bd7 23. Rab1 Rd8 24. Rfc1 Be8 25. Nc4 Rdc8 26. Bf1 Nfd7 27. Ba3 Qf6 28. Qf2 h6 29. Kg2 Qg6 30. Nxd6 Qxd6 31. Na4 1-0

[Event "FISU World University-ch 2020"]
[Site "Online"]
[Date "2020.10.26"]
[Round "5.8"]
[White "Rodriguez Pineda, Sofia"]
[Black "Martynkova, Olena"]
[Result "0-1"]
[WhiteElo "1783"]
[BlackElo "2222"]
[Annotator "TA"]
[PlyCount "63"]
[EventDate "2020.10.26"]
[SourceTitle "playchess.com"]
[Source "ChessBase"]
[SourceQuality "1"]

1. e4 c5 2. Nf3 e6 3. d4 cxd4 4. Nxd4 Nc6 5. g3 Qc7 6. Bg2 a6 7. O-O Nf6 8. Nc3 Be7 9. Be3 O-O 10. Nxc6 bxc6 11. Na4 Rb8 12. c4 d5 13. cxd5 cxd5 14. Rc1 Qa5 15. Bf4 Rb4 16. b3 Nxe4 17. Bxe4 Rxe4 18. Bd2 Qd8 19. f3 Re5 20. Bf4 Rf5 21. Qd2 e5 22. Be3 d4 23. Bf2 Rxf3 24. Qe2 Rf5 25. Qe4 Rh5 26. Rc4 Be6 27. Rcc1 Bd5 28. Qe2 g6 29. Nc5 Ba8 30. Ne4 Qd5 31. Rfe1 f5 32. Rc6 0-1

[Event "FISU World University-ch 2020"]
[Site "Online"]
[Date "2020.10.26"]
[Round "5.8"]
[White "Orozco, Omar"]
[Black "Osmak, Iulija"]
[Result "0-1"]
[WhiteElo "1673"]
[BlackElo "2438"]
[Annotator "TA"]
[PlyCount "90"]
[EventDate "2020.10.26"]
[SourceTitle "playchess.com"]
[Source "ChessBase"]
[SourceQuality "1"]

1. d4 e6 2. Nf3 Nf6 3. Bg5 c5 4. e3 h6 5. Bh4 Be7 6. c3 b6 7. Bd3 Bb7 8. Nbd2 d5 9. Ne5 Nbd7 10. f4 O-O 11. O-O Ne4 12. Bxe7 Qxe7 13. Ndf3 Ndf6 14. Qe1 Rfe8 15. Kh1 Nh7 16. Nd2 f6 17. Nef3 a5 18. Qh4 Ba6 19. Bxa6 Nxd2 20. Nxd2 Rxa6 21. Nf3 a4 22. Qe1 a3 23. b3 Ra7 24. e4 Nf8 25. Qe3 Rd7 26. Rfe1 cxd4 27. Nxd4 Qc5 28. Rac1 e5 29. fxe5 Rxe5 30. Nc2 Rxe4 31. Qxc5 bxc5 32. Rxe4 dxe4 33. Nxa3 Ra7 34. Nc4 Rxa2 35. Kg1 f5 36. b4 cxb4 37. cxb4 Ra4 38. b5 Rb4 39. Nd6 f4 40. b6 Rxb6 41. Nxe4 Ne6 42. h4 Kf7 43. Kf2 Rb2+ 44. Kf3 Nd4+ 45. Kxf4 Ne2+ 0-1

[Event "FISU World University-ch 2020"]
[Site "Online"]
[Date "2020.10.26"]
[Round "5.9"]
[White "Pang, Tao"]
[Black "Fernandez Rivero, Karla July"]
[Result "1-0"]
[WhiteElo "2427"]
[BlackElo "2025"]
[Annotator "TA"]
[PlyCount "77"]
[EventDate "2020.10.26"]
[SourceTitle "playchess.com"]
[Source "ChessBase"]
[SourceQuality "1"]

1. e4 e5 2. Nf3 Nc6 3. Bc4 Nf6 4. O-O Be7 5. d4 exd4 6. e5 Ne4 7. Re1 d5 8. exd6 Nxd6 9. Bd5 Nf5 10. Bxc6+ bxc6 11. g4 Nd6 12. Nxd4 Qd7 13. Bg5 f6 14. Bf4 O-O 15. Nc3 Rd8 16. Ne6 Re8 17. Nxc7 Qxc7 18. Bxd6 Qd7 19. Bxe7 Rxe7 20. Qxd7 Rxd7 21. f3 Ba6 22. Rad1 Rad8 23. Kf2 Kf7 24. Rxd7+ Rxd7 25. Rd1 Rxd1 26. Nxd1 Ke6 27. Ke3 c5 28. Nc3 Bb7 29. Ne4 Kd5 30. c4+ Kc6 31. g5 fxg5 32. Nxg5 h6 33. Ne6 g6 34. Nd8+ Kc7 35. Nxb7 Kxb7 36. Ke4 Kc6 37. Ke5 h5 38. Kf6 Kd6 39. Kxg6 1-0

[Event "FISU World University-ch 2020"]
[Site "Online"]
[Date "2020.10.26"]
[Round "5.9"]
[White "Gomez Sanchez, Jorge Marcos"]
[Black "Zhang, Yinzhe"]
[Result "1-0"]
[WhiteElo "2352"]
[BlackElo "1960"]
[Annotator "TA"]
[PlyCount "127"]
[EventDate "2020.10.26"]
[SourceTitle "playchess.com"]
[Source "ChessBase"]
[SourceQuality "1"]

1. Nf3 c5 2. c4 Nc6 3. Nc3 g6 4. g3 Bg7 5. Bg2 Nf6 6. O-O O-O 7. d4 cxd4 8. Nxd4 Nxd4 9. Qxd4 d6 10. Qd2 Qc7 11. b3 Bd7 12. Bb2 Rac8 13. Rac1 Qb8 14. e4 a6 15. Rfe1 Rfe8 16. Nd5 Nxd5 17. Bxg7 Kxg7 18. cxd5 Kg8 19. h4 Rxc1 20. Rxc1 Rc8 21. f4 Rc7 22. Rc4 Bb5 23. Rc3 Qc8 24. Rxc7 Qxc7 25. a4 Bd7 26. Qe3 b5 27. axb5 Bxb5 28. e5 Qc5 29. Qxc5 dxc5 30. Kf2 Kf8 31. Ke3 Ke8 32. Kd2 Kd8 33. Kc3 Kc7 34. Be4 Kd8 35. h5 Kc7 36. h6 Kd7 37. g4 Ke8 38. g5 e6 39. dxe6 Ke7 40. exf7 Kxf7 41. e6+ Kf8 42. f5 gxf5 43. Bxf5 Kg8 44. e7 Be8 45. Be6+ Kh8 46. Kc4 a5 47. Bf5 a4 48. bxa4 Bxa4 49. Kxc5 Be8 50. Kd6 Kg8 51. Be6+ Kh8 52. Ke5 Bf7 53. Kd6 Be8 54. Bd7 Bf7 55. Ke5 Bg6 56. Kf6 Bf7 57. e8=Q+ Bxe8 58. Bxe8 Kg8 59. Bg6 Kh8 60. Bxh7 Kxh7 61. g6+ Kh8 62. g7+ Kg8 63. h7+ Kxh7 64. Kf7 1-0

[Event "FISU World University-ch 2020"]
[Site "Online"]
[Date "2020.10.26"]
[Round "5.9"]
[White "Perez Rodriguez, Cesar Alejandro"]
[Black "Ma, Xinyi"]
[Result "1/2-1/2"]
[WhiteElo "2303"]
[BlackElo "1206"]
[Annotator "TA"]
[PlyCount "112"]
[EventDate "2020.10.26"]
[SourceTitle "playchess.com"]
[Source "ChessBase"]
[SourceQuality "1"]

1. d4 d5 2. Nf3 Nf6 3. c4 e6 4. Nc3 Be7 5. Bg5 h6 6. Bh4 Nbd7 7. e3 O-O 8. Rc1 c5 9. cxd5 Nxd5 10. Bxe7 Nxe7 11. Bd3 b6 12. O-O Bb7 13. Bb1 Rc8 14. Qd3 Ng6 15. Rfd1 Bxf3 16. gxf3 Qg5+ 17. Kh1 Nf6 18. Rg1 Qh5 19. Rg3 Rfd8 20. Rcg1 Kf8 21. Ne4 Qf5 22. Qa3 Nh5 23. R3g2 Qxf3 24. dxc5 bxc5 25. Nxc5 Kg8 26. Be4 Qf6 27. f4 Nh4 28. Rc2 Qe7 29. b4 Nf5 30. Qb3 Nf6 31. Bf3 Nh4 32. e4 Nxf3 33. Qxf3 a5 34. Rcg2 Ne8 35. a3 axb4 36. axb4 Qf6 37. e5 Qf5 38. Ne4 Rd4 39. Nf6+ Nxf6 40. Rxg7+ Kh8 41. exf6 Rxf4 42. Qg2 Qd5 43. Qxd5 exd5 44. Rxf7 Rxb4 45. Rgg7 Rb1+ 46. Kg2 Rg8 47. Kf2 Rxg7 48. Rxg7 Rb6 49. Rg6 Kh7 50. Rg7+ Kh8 51. Rg6 Kh7 52. Rg7+ Kh8 53. Rf7 Kg8 54. Rg7+ Kh8 55. Rg6 Kh7 56. Rg7+ Kh8 1/2-1/2

[Event "FISU World University-ch 2020"]
[Site "Online"]
[Date "2020.10.26"]
[Round "5.9"]
[White "Wang, Zihao"]
[Black "La Villa Rivas, Marlon Javier"]
[Result "1-0"]
[WhiteElo "1811"]
[BlackElo "2233"]
[Annotator "TA"]
[PlyCount "109"]
[EventDate "2020.10.26"]
[SourceTitle "playchess.com"]
[Source "ChessBase"]
[SourceQuality "1"]

1. e4 c5 2. f4 d6 3. Nf3 g6 4. Bb5+ Bd7 5. Bxd7+ Nxd7 6. d3 Bg7 7. c4 e6 8. Nc3 Ne7 9. O-O O-O 10. Kh1 a6 11. Qe1 Rb8 12. g4 b5 13. cxb5 axb5 14. f5 exf5 15. gxf5 b4 16. Ne2 gxf5 17. Rg1 fxe4 18. dxe4 Ng6 19. Nf4 Nde5 20. Nxe5 dxe5 21. Nh5 f5 22. Qe3 f4 23. Qb3+ Kh8 24. Nxg7 Kxg7 25. Qc2 Rc8 26. b3 Qh4 27. Bb2 Kh8 28. Qg2 Rf7 29. Qg5 Qxg5 30. Rxg5 Re7 31. h4 Kg7 32. h5 Kh6 33. Rag1 Nh4 34. Bxe5 Nf3 35. Bxf4 Nxg1 36. Re5+ Kg7 37. Rxe7+ Kf6 38. Rxh7 Ne2 39. Rh6+ Kg7 40. Rg6+ Kf7 41. Bd6 Rh8 42. Rg5 Nc3 43. Rf5+ Ke6 44. Bf4 Nxa2 45. Rxc5 Nc3 46. h6 Ne2 47. Rc6+ Kd7 48. Rd6+ Ke7 49. Be5 Rh7 50. Rg6 Kf7 51. Ra6 Nc3 52. Rb6 Nxe4 53. Bg7 Ng3+ 54. Kg2 Nf5 55. Rf6+ 1-0

[Event "FISU World University-ch 2020"]
[Site "Online"]
[Date "2020.10.26"]
[Round "5.10"]
[White "Dai, Changren"]
[Black "Grimm, Daniel"]
[Result "1-0"]
[WhiteElo "2503"]
[BlackElo "2286"]
[Annotator "TA"]
[PlyCount "127"]
[EventDate "2020.10.26"]
[SourceTitle "playchess.com"]
[Source "ChessBase"]
[SourceQuality "1"]

1. e4 Nf6 2. e5 Nd5 3. d4 d6 4. c4 Nb6 5. exd6 cxd6 6. Nc3 g6 7. Nf3 Bg7 8. Be3 O-O 9. Rc1 Bg4 10. b3 d5 11. c5 Nc8 12. Be2 Nc6 13. O-O e6 14. b4 a6 15. h3 Bxf3 16. Bxf3 N8e7 17. Ne2 Nf5 18. Rb1 Qf6 19. Qd2 Nfxd4 20. Nxd4 Nxd4 21. Bg4 Nf5 22. Bg5 Qd4 23. a4 Qxd2 24. Bxd2 Rfc8 25. Rfc1 Nd4 26. Be3 h5 27. Bd1 Nf5 28. Bd2 Bd4 29. Be2 h4 30. Kf1 Kg7 31. Bd3 Bf6 32. Be2 e5 33. Bg4 e4 34. b5 axb5 35. axb5 Bd4 36. c6 bxc6 37. Rxc6 Rcb8 38. Bf4 Rb7 39. Bxf5 gxf5 40. Rd1 Bb6 41. Be5+ Kh7 42. Rxd5 Ra2 43. Rdd6 f6 44. Rxf6 Rxf2+ 45. Ke1 Be3 46. Rf8 Rg7 47. Bxg7 Kxg7 48. Rd8 Rxg2 49. Rd7+ Kh8 50. Rc8+ Rg8 51. Rxg8+ Kxg8 52. Rd5 Kf7 53. Rxf5+ Ke6 54. Rh5 Bf4 55. Ke2 Bg3 56. Ke3 Kd6 57. Kxe4 Be1 58. Kf3 Kc7 59. Rh6 Kb7 60. Kg4 Bf2 61. Rxh4 Bxh4 62. Kxh4 Kb6 63. Kg5 Kxb5 64. h4 1-0

[Event "FISU World University-ch 2020"]
[Site "Online"]
[Date "2020.10.26"]
[Round "5.10"]
[White "Marosi, Levente"]
[Black "Liu, Manli"]
[Result "1-0"]
[WhiteElo "2251"]
[BlackElo "2192"]
[Annotator "RC"]
[PlyCount "87"]
[EventDate "2020.10.26"]
[SourceTitle "playchess.com"]
[Source "ChessBase"]
[SourceQuality "1"]

1. e4 e6 2. d4 d5 3. Nd2 c5 4. exd5 Qxd5 5. Ngf3 cxd4 6. Bc4 Qd7 7. O-O Nc6 8. Nb3 Nf6 9. Nbxd4 Nxd4 10. Qxd4 Qxd4 11. Nxd4 Bd7 12. Bb3 Bc5 13. Rd1 Ke7 14. Bg5 Rhd8 15. c3 h6 16. Bh4 g5 17. Bg3 Ne4 18. Be5 f6 19. Bg3 e5 20. Nf3 Bc6 21. Re1 h5 22. Re2 h4 23. Bxe5 fxe5 24. Nxe5 Bxf2+ 25. Kf1 Bb5 26. c4 Rd4 27. cxb5 Kd6 28. Nf3 Rf8 29. Nxd4 Bxd4+ 30. Ke1 Rf4 31. Bc2 Nf2 32. Bg6 Rf6 33. Be4 Kc7 34. Rc1+ Kb6 35. Rc4 Nxe4 36. Rxd4 Nc5 37. Re5 g4 38. a4 a5 39. bxa6 Nxa6 40. Rxg4 Rc6 41. Rxh4 Rc2 42. Rb5+ Ka7 43. Rh7 Nc5 44. Kd1 1-0

[Event "FISU World University-ch 2020"]
[Site "Online"]
[Date "2020.10.26"]
[Round "5.10"]
[White "Grimm, Gyorgy"]
[Black "Pang Bo"]
[Result "0-1"]
[WhiteElo "2143"]
[BlackElo "1429"]
[Annotator "TA"]
[PlyCount "132"]
[EventDate "2020.10.26"]
[SourceTitle "playchess.com"]
[Source "ChessBase"]
[SourceQuality "1"]

1. e4 c5 2. Nf3 Nc6 3. d4 cxd4 4. Nxd4 Nf6 5. Nc3 d6 6. h3 e6 7. g4 h6 8. Bg2 Be7 9. Be3 a6 10. a4 Nd7 11. O-O g5 12. Nxc6 bxc6 13. Ne2 a5 14. Ng3 Ba6 15. Re1 Ne5 16. b3 c5 17. c4 Bb7 18. Nh5 Ng6 19. Qe2 Rb8 20. Rab1 Bf6 21. Red1 Nh4 22. f3 Bc3 23. Bxc5 dxc5 24. Rxd8+ Rxd8 25. Rd1 Ke7 26. Rd3 Rxd3 27. Qxd3 Bb4 28. Ng3 Rd8 29. Qf1 Rd2 30. Ne2 Bc6 31. Bh1 f6 32. Bg2 Ng6 33. Bh1 Ne5 34. f4 Nd3 35. e5 Bxh1 36. exf6+ Kf7 37. Kxh1 Rd1 38. Qxd1 Nf2+ 39. Kg2 Nxd1 40. fxg5 hxg5 41. Ng3 Nc3 42. Nh5 Ne4 43. Kf3 Nd2+ 44. Ke3 Nxb3 45. Ng3 Nd2 46. Kd3 Kxf6 47. Ne2 Ke5 48. Ke3 Nxc4+ 49. Kf3 Nb6 50. Nc1 c4 51. h4 gxh4 52. g5 Kf5 53. g6 Kxg6 54. Kg4 Be7 55. Ne2 Nxa4 56. Nf4+ Kf7 57. Ne2 c3 58. Kf3 c2 59. Kg4 Nc3 60. Nc1 a4 61. Kh3 a3 62. Kg2 a2 63. Nxa2 Nxa2 64. Kh2 c1=Q 65. Kh3 Qg5 66. Kh2 Bc5 0-1

[Event "FISU World University-ch 2020"]
[Site "Online"]
[Date "2020.10.26"]
[Round "5.10"]
[White "Jing, Jiyu"]
[Black "Juhasz, Barbara"]
[Result "0-1"]
[WhiteElo "1581"]
[BlackElo "2211"]
[Annotator "TA"]
[PlyCount "162"]
[EventDate "2020.10.26"]
[SourceTitle "playchess.com"]
[Source "ChessBase"]
[SourceQuality "1"]

1. e4 c5 2. c3 d5 3. exd5 Qxd5 4. d4 Bf5 5. Nf3 Nc6 6. Be3 Nf6 7. Be2 cxd4 8. cxd4 Bxb1 9. Qxb1 e6 10. O-O Bd6 11. h3 O-O 12. Rd1 h6 13. a3 Rac8 14. Qd3 Ne7 15. Nd2 Bb8 16. Bf3 Qd6 17. Bxb7 Qh2+ 18. Kf1 Rcd8 19. Ke2 Nfd5 20. Qe4 Nf5 21. Nf3 Qxg2 22. Rg1 Ng3+ 23. Kd3 Qxg1 24. Rxg1 Nxe4 25. Kxe4 f5+ 26. Kd3 g5 27. Bd2 Kf7 28. Re1 Nf4+ 29. Bxf4 Bxf4 30. Ba6 Rd6 31. Bc4 Rfd8 32. Kc3 Kf6 33. Re2 Rc8 34. b3 Rc7 35. a4 a5 36. Kb2 Rb6 37. Kc3 h5 38. Re1 Rc8 39. Re2 Rd8 40. Rc2 Rbd6 41. Re2 g4 42. hxg4 fxg4 43. Ne5 Rc8 44. Re4 Bg5 45. Nd3 Rcd8 46. Nc5 Re8 47. Nb7 Rb6 48. Nxa5 Kf7 49. Bb5 Rc8+ 50. Nc4 Rbb8 51. Bd7 Rc7 52. Bxe6+ Kg7 53. d5 Bf6+ 54. Kc2 Rcb7 55. Na5 Rb6 56. Rc4 Kg6 57. Kd3 Kg5 58. Kc2 Rb4 59. Kd3 h4 60. Ke2 h3 61. Kf1 Rxc4 62. Nxc4 Rxb3 63. Nd2 Rb4 64. a5 Ra4 65. d6 Ra1+ 66. Ke2 h2 67. Ne4+ Kf4 68. Ng3 h1=Q 69. Nxh1 Rxh1 70. a6 Ra1 71. Bc8 Ke4 72. Bb7+ Kd4 73. d7 Bd8 74. Bc8 Ke4 75. Bb7+ Kf4 76. Bc8 Bb6 77. Bb7 Ra3 78. Bc8 Ra2+ 79. Kf1 Rxf2+ 80. Ke1 Ra2 81. Bb7 g3 0-1

[Event "FISU World University-ch 2020"]
[Site "Online"]
[Date "2020.10.26"]
[Round "5.11"]
[White "Benedetti, Julio"]
[Black "Makhnev, Denis"]
[Result "0-1"]
[WhiteElo "2282"]
[BlackElo "2486"]
[Annotator "TA"]
[PlyCount "62"]
[EventDate "2020.10.26"]
[SourceTitle "playchess.com"]
[Source "ChessBase"]
[SourceQuality "1"]

1. e4 e5 2. Nf3 Nc6 3. Bc4 Bc5 4. d3 Nf6 5. c3 a5 6. a4 d6 7. Bb3 h6 8. Nbd2 O-O 9. h3 Be6 10. Bc2 d5 11. Qe2 Re8 12. Nf1 dxe4 13. dxe4 Nd7 14. Ng3 Nb6 15. b3 Nd7 16. O-O Qf6 17. Rd1 Rad8 18. Nh5 Qe7 19. g4 Nf8 20. Rxd8 Rxd8 21. Qb5 Ng6 22. Qxb7 Nh4 23. Nh2 Bxf2+ 24. Kxf2 Qc5+ 25. Kg3 Qg1+ 26. Kxh4 Qf2+ 27. Ng3 g5+ 28. Bxg5 hxg5+ 29. Kxg5 Qxg3 30. Rf1 Kg7 31. h4 Qe3+ 0-1